000 00962cam a22003131 4500
001 108248
005 20230410101712.0
008 761006s1972 ht 000 0 fre
035 _9(DLC) 73214102
035 _a4565894
010 _a 73214102
040 _aDLC
_cIEN
_dDLC
041 0 _afreengspa
050 1 4 _a110 ND 306
_bF363p 1972
100 1 _aFernández Méndez, Eugenio.
245 1 3 _aLe primitivisme Haitien:
_bThe Haitian primitivism; El primitivismo haitiano/
_cEugenio Fernández Méndez
250 _aEd. en trois langues.
260 _a[Port-au-Prince]:
_bGalerie Georges S. Nader,
_c1972
300 _a95p.
_bcol. illus.
_c23x29cm.
650 0 _aPrimitivism in art
_zHaiti.
650 0 _aPainting, Haitian
_y20th century.
650 4 _aCEH
650 4 _aColección Estudios Haitianos.
740 0 _aHaitian primitivism.
740 0 _aPrimitivismo haitiano.
942 _2lcc
_cbk
985 _aNWU/NWU
_eCOMARC
946 _aPP
999 _c12351
_d12351